MARC детайли
| 000 -Лидер |
| Контролно поле с фиксирана дължина |
02555nam a2200421 a 4500 |
| 001 - Контролен номер на записа |
| Контролно поле |
164310 |
| 003 - Код на организацията, давaща контролен номер |
| Контролно поле |
BLK |
| 005 - Дата и час на последна редакция |
| Контролно поле |
20240724152005.0 |
| 008 - Елементи от данни с фиксирана дължина |
| fixed length control field |
180410b bul|||||r ||||||| ||bul|| |
| 010 ## - Наследен системен номер |
| LC control number |
KNG00171820000 |
| 040 ## - Източник на каталожния запис |
| Идентификатор на билиотеката - собственик на записа |
BLK |
| 041 ## - Код за език |
| Код за езика на текст/звукозапис или на отделно заглавие |
Български |
| Код за езика КДБФ |
Български |
| 072 #7 - Код за тематичната категория |
| Код организация |
bullib |
| Код за тематична категория |
К |
| Текст |
Краезнание |
| 080 ## - УДК |
| Текстов определител УДК |
Военна история - Военни походи, битки, героични подвизи. Вж и 93/99 |
| УДК код - определител по УДК |
355.48 |
| УДК определител |
(497.2) |
| УДК - код + определител |
355.48(497.2) |
| 080 ## - УДК |
| Текстов определител УДК |
България през периода (1885-1900) |
| УДК код - определител по УДК |
94(497.2)"1885/1900" |
| УДК - код + определител |
94(497.2)"1885/1900" |
| 100 1# - Редна дума - Автор |
| Автор |
Митев, Йоно |
| Авторска отговорност |
първи автор |
| R(LIN) |
368263 |
| 139 ## - Редно поле |
| Редна дума |
История на Сръбско-българската война 1885 |
| Авторски знак |
Истор - И 95 |
| 245 10 - Сведения за заглавието |
| Заглавие |
История на Сръбско-българската война 1885 |
| Редно поле (дума) |
Йоно Митев; ред. кол. Генчо Камбуров; под общ. ред. на Йоно Митев. |
| 257 ## - Страна на издаване |
| Страна на създаване/издаване |
България |
| 260 ## - Област на издателските данни |
| Място на издаване, разпространение и проч. |
София |
| Име на издателя, разпространителя и проч. |
Държ. воен. изд. |
| Година на издаване |
1971 |
| 300 ## - Физическа характеристика |
| Страници |
492 с. |
| Илюстрации и др. |
с портр., 17 л. к. |
| Размери/Мащаб |
23 см |
| 380 ## - Жанр |
| Жанр |
Обществени науки |
| 500 ## - Общи забележки |
| Забележка |
Други авт. : Стилиян Ст. Нойков, Цонко Теков, Иван Кр. Маринов, Тодор Рошавелов, Генчо Р. Камбуров, Димитър Христов, Борис. Ст. Чолпанов, Стоян Д. Пенков, Димитър Р. Радулов, Атанас Г. Пейчев, Борис П. Куюмджиев, Георги Г. Гинчев, Веселин Й. Иванчев, Ради Б. Боев, Лиляна Венкова-Илиева, отбелязяни на гърба на загл. с. ; Други ред. : Стоян Д. Пенков, Георги Г. Гинчев, Стилиян Ст. Нойков, Борис Ст. Чолпанов. - 3 400 тир. - Библиогр. с. 444-454 |
| 650 #4 - Допълнително описание по предмет – тема |
| Основно описание – тема или топоним |
Сръбско-българска война, 1885 г. |
| 9 (RLIN) |
252722 |
| 651 #4 - Допълнително описание по предмет - топоним |
| Географско понятие |
България |
| 9 (RLIN) |
241624 |
| 653 ## - Ключова дума – ненормативна |
| Ключова дума |
Сръбско-българска война |
| 659 ## - Тематичен бюлетин |
| Тематичен бюлетин |
К |
| 700 1# - Други автори (авторска отговорност) |
| Лично име |
Камбуров, Генчо |
| Автороска отговорност (Описва отношението между автора и произведението) |
ред. кол. |
| 9 (RLIN) |
382056 |
| 700 1# - Други автори (авторска отговорност) |
| Лично име |
Митев, Йоно |
| Автороска отговорност (Описва отношението между автора и произведението) |
под общ. ред. на |
| 9 (RLIN) |
368263 |
| 852 ## - Местоположение |
| Форматна сигнатура |
Цб 59033 |
| Фондова буква |
Хранилище |
| 852 ## - Местоположение |
| Форматна сигнатура |
К 355/359/И 95 |
| 856 4# - Електронен адрес и достъп |
| Електронен формат |
pdf - файл |
| 856 4# - Електронен адрес и достъп |
| Електронен формат |
pdf - файл |
| 942 ## - АРТИКУЛИ |
| Вид на библиотечния материал |
Книги |
| Скрит в OPAC |
Не |
| Koha issues (borrowed), all copies |
1 |
| Периодичен библиозапис |
Да |
| 944 ## - СЪЗДАВАНЕ И РЕДАКЦИЯ на ЗАПИСА |
| Създаване/Редакция |
Създаване |
| Дата на регистрацията/редакция |
21.02.2015 |
| Статус, дата на статуса |
Христина Везирева |
| Служител, извършил регистрацията/редакцията |
30535 |
| 944 ## - СЪЗДАВАНЕ И РЕДАКЦИЯ на ЗАПИСА |
| Създаване/Редакция |
Редакция |
| Дата на регистрацията/редакция |
21.02.2015 |
| Статус, дата на статуса |
21.02.2015 - от С1,Р / 21.02.2015 |
| 999 ## - СИСТЕМНИ КОНТРОЛНИ НОМЕРА |
| Koha biblionumber |
164310 |
| Koha biblioitemnumber |
164310 |
| 999 ## - СИСТЕМНИ КОНТРОЛНИ НОМЕРА |
| Koha biblioitemnumber |
164310 |